000 00805nam a2200265 a 4500
001 73115
003 BD-RjUL
005 20211209082342.0
008 170528s1969 moua b 001 0 eng d
035 _a(BD-RjUL)73333
040 _aDLC
_cDLC
_dBD-RjUL
_beng
041 _aeng
082 0 0 _a612.76
_223
_bTHM 1969
100 1 _aThompson, Clem W.
_9216285
245 1 0 _aManual of Structural Kinesiology /
_c[by] Clem W. Thompson
250 _a6th ed.
260 _aSaint Louis :
_bMosby,
_cc19769.
300 _avii, 163 p. :
_bill. ;
_c27 cm.
500 _aFirst ed., by L. G. Kranz, published in 1948 under title: Kinesiology, laboratory manual.
504 _aBibliography: p. 132.
650 0 _aKinesiology
_9216253
650 0 _aMuscles.
_9216256
942 _2ddc
_cBK
999 _c73115
_d73115